Representing “Roth” (notice n° 1650778)

détails MARC
000 -LEADER
fixed length control field 01364cam a2200241 4500500
005 - DATE AND TIME OF LATEST TRANSACTION
control field 20260208005140.0
041 ## - LANGUAGE CODE
Language code of text/sound track or separate title fre
042 ## - AUTHENTICATION CODE
Authentication code dc
100 10 - MAIN ENTRY--PERSONAL NAME
Personal name Shostak, Debra
Relator term author
245 00 - TITLE STATEMENT
Title Representing “Roth”
260 ## - PUBLICATION, DISTRIBUTION, ETC.
Date of publication, distribution, etc. 2021.<br/>
500 ## - GENERAL NOTE
General note 57
520 ## - SUMMARY, ETC.
Summary, etc. Cet article explore les projections fantasmées de la persona rothienne, telle qu’elle fonctionne en tant que figure de l’artiste dans les films Listen Up Philip (2014) d’Alex Ross Perry et The Humbling (2014) de Barry Levinson, ainsi que dans deux installations de Bryan Zanisnik, Every Inch a Man (2012) et Philip Roth Presidential Library (2016, 2017). Si ces œuvres paraissent à première vue proposer une image “rothienne” de l’artiste en tant que mâle transgressif et narcissique, un processus de distanciation éthique y autorise toutefois une réflexion nuancée et empathique sur les ambiguïtés de la création artistique.
690 ## - LOCAL SUBJECT ADDED ENTRY--TOPICAL TERM (OCLC, RLIN)
Topical term or geographic name as entry element adaptation
690 ## - LOCAL SUBJECT ADDED ENTRY--TOPICAL TERM (OCLC, RLIN)
Topical term or geographic name as entry element artist figure
690 ## - LOCAL SUBJECT ADDED ENTRY--TOPICAL TERM (OCLC, RLIN)
Topical term or geographic name as entry element Bryan Zanisnik
690 ## - LOCAL SUBJECT ADDED ENTRY--TOPICAL TERM (OCLC, RLIN)
Topical term or geographic name as entry element ethical distance
690 ## - LOCAL SUBJECT ADDED ENTRY--TOPICAL TERM (OCLC, RLIN)
Topical term or geographic name as entry element Listen Up Philip
690 ## - LOCAL SUBJECT ADDED ENTRY--TOPICAL TERM (OCLC, RLIN)
Topical term or geographic name as entry element Roth persona
690 ## - LOCAL SUBJECT ADDED ENTRY--TOPICAL TERM (OCLC, RLIN)
Topical term or geographic name as entry element The Humbling
786 0# - DATA SOURCE ENTRY
Note Revue française d’études américaines | 166 | 1 | 2021-04-26 | p. 75-91 | 0397-7870
856 41 - ELECTRONIC LOCATION AND ACCESS
Uniform Resource Identifier <a href="https://shs.cairn.info/journal-revue-francaise-d-etudes-americaines-2021-1-page-75?lang=en&redirect-ssocas=7080">https://shs.cairn.info/journal-revue-francaise-d-etudes-americaines-2021-1-page-75?lang=en&redirect-ssocas=7080</a>

Pas d'exemplaire disponible.

PLUDOC

PLUDOC est la plateforme unique et centralisée de gestion des bibliothèques physiques et numériques de Guinée administré par le CEDUST. Elle est la plus grande base de données de ressources documentaires pour les Étudiants, Enseignants chercheurs et Chercheurs de Guinée.

Adresse

627 919 101/664 919 101

25 boulevard du commerce
Kaloum, Conakry, Guinée

Réseaux sociaux

Powered by Netsen Group @ 2025